| 000 | 01649nab a2200241 i 4500 | ||
|---|---|---|---|
| 003 | BR-BrBNA | ||
| 005 | 20250408092755.0 | ||
| 008 | 250408b2016 bl.qr|pooa||| 00| 0 por | | ||
| 040 |
_aBR-BrBNA _bpor |
||
| 072 | _aF70 | ||
| 100 | _aLobão, Adriana Quintella | ||
| 245 | _aFlora das cangas da Serra dos Carajás, Pará, Brasil: Annonaceae | ||
| 500 | _aPublicação on-line; 17 ref,. 1 illus.; Summaries (En, Pt) | ||
| 520 | _a Resumo Annonaceae está representada nas cangas e matas baixas (transição com o campo rupestre) da Serra de Carajás por duas espécies: Guatteriapunctata e Xylopia aromatica. Apresentam-se chave de identificação das espécies, descrições e comentários sobre fenologia, distribuição geográfica e hábitats. Palavras-chave: Amazônia, Guatteria, Pará, taxonomia, Xylopia. Abstract Annonaceae is represented in cangas and forest (transition with rocky outcrops) of Serra de Carajás by two species: Guatteriapunctata and Xylopia aromatica. An identification key, descriptions and comments on the phenology, geographic distribution, and habitats are included. Key words: Amazônia, Guatteria, Pará, taxonomy, Xylopia. | ||
| 650 | _aAMAZÔNIA | ||
| 650 | _aPARÁ | ||
| 650 | _aTAXONOMIA | ||
| 650 | _aXYLOPIA AROMATICA | ||
| 773 | 0 |
_0709 _9349694 _dRio de Janeiro-RJ Jardim Botanico do Rio de Janeiro 1935 _o2025-2214 _tRodriguésia (Brazil) _x0370-6583; 2175-7860 on-line _gv. 67(5 special number) p. 1205-1209; (2016) _wBR2025000288 |
|
| 856 | _uhttps://www.scielo.br/j/rod/a/jTswjGggmpmN9bVhJ7Ww6fP/?format=pdf&lang=pt | ||
| 942 | _cANA | ||
| 999 |
_c330902 _d330902 |
||